书目信息 |
| 题名: |
电气工程基础
|
|
| 作者: | 刘涤尘 主编 | |
| 分册: | ||
| 出版信息: | 武汉 武汉工业大学出版社 2002.01 |
|
| 页数: | 473页 | |
| 开本: | 26cm | |
| 丛书名: | 普通高等学校自动化类专业新编系列教材 | |
| 单 册: | ||
| 中图分类: | TM1 | |
| 科图分类: | ||
| 主题词: | 电工--理论 | |
| 电子资源: | ||
| ISBN: | 7-5629-1743-4 | |
| 000 | 00653nam0 2200217 45 | |
| 001 | 8036120419 | |
| 005 | 20050105150553.05 | |
| 010 | @a7-5629-1743-4@dCNY 42.00 | |
| 100 | @a19800224d2002 km y0chiy0120 ea | |
| 101 | 0 | @achi |
| 102 | @aCN@b420000 | |
| 200 | 1 | @a电气工程基础@Adian qi gong cheng ji chu@f刘涤尘主编@Fliu di chen zhu bian |
| 210 | @a武汉@c武汉工业大学出版社@d2002.01 | |
| 215 | @a473页@d26cm | |
| 225 | 2 | @a普通高等学校自动化类专业新编系列教材 |
| 410 | 0 | @12001 @a普通高等学校自动化类专业新编系列教材 |
| 606 | 0 | @a电工@x理论 |
| 690 | @aTM1@v3 | |
| 701 | 0 | @a刘涤尘@Aliu di chen@4主编 |
| 801 | 0 | @aCN@bPFT@c20050105 |
| 905 | @dTM1@eL600 | |
| 电气工程基础/刘涤尘主编.-武汉:武汉工业大学出版社,2002.01 |
| 473页;26cm.-(普通高等学校自动化类专业新编系列教材) |
| ISBN 7-5629-1743-4:CNY 42.00 |
| ● |
| 相关链接 |
|
|
|
正题名:电气工程基础
索取号:TM1/L600
 
预约/预借
| 序号 | 登录号 | 条形码 | 馆藏地/架位号 | 状态 | 备注 |
| 1 | 362570 | 203625700 | 自科二线504/504自科库 9排3列3层/ [索取号:TM1/L600] | 在馆 | |
| 2 | 434572 | 204345725 | 自科二线504/504自科库 9排3列3层/ [索取号:TM1/L600] | 在馆 | |
| 3 | 434573 | 204345734 | 自科库301/301自科库 6排4列1层/ [索取号:TM1/L600] | 在馆 | |
| 4 | 434574 | 204345743 | 自科二线404/404自科库 17排3列5层/ [索取号:TM1/L600] | 在馆 | |
| 5 | 537047 | 205370472 | 自科库301/301自科库 6排4列1层/ [索取号:TM1/L600] | 在馆 | |
| 6 | 537048 | 205370481 | 自科二线404/404自科库 17排3列5层/ [索取号:TM1/L600] | 在馆 | |
| 7 | 537049 | 205370490 | 自科二线404/301自科库 4排3列1层/ [索取号:TM1/L600] | 在馆 |